Statistics for The Alphabet Backwards in 1 Minute

Click here to take the quiz!

General Stats

  • This quiz has been taken 42 times
  • The average score is 26 of 26

Answer Stats

LetterAnswer% Correct
JJ
100%
KK
100%
LL
100%
MM
100%
NN
100%
OO
100%
PP
100%
QQ
100%
RR
100%
SS
100%
TT
100%
UU
100%
VV
100%
WW
100%
XX
100%
YY
100%
ZZ
100%
BB
97%
CC
97%
DD
97%
EE
97%
FF
97%
GG
97%
HH
97%
II
97%
AA
93%

Score Distribution

Percentile by Number Answered

Percent of People with Each Score

Your Score History

You have not taken this quiz